The turbulent decade : Georgia's post offices, 1860-1869 (Record no. 1215)

000 -LEADER
fixed length control field 00310nam a22001217a 4500
003 - CONTROL NUMBER IDENTIFIER
control field OSt
008 - FIXED-LENGTH DATA ELEMENTS--GENERAL INFORMATION
fixed length control field 150418b xxu||||| |||| 00| 0 eng d
041 ## - LANGUAGE CODE
Language code of text/sound track or separate title eng
100 1# - MAIN ENTRY--PERSONAL NAME
Personal name Crown, Francis J., Jr.
245 10 - TITLE STATEMENT
Title The turbulent decade : Georgia's post offices, 1860-1869
260 ## - PUBLICATION, DISTRIBUTION, ETC. (IMPRINT)
Name of publisher, distributor, etc. F.J. Crown, Jr.
300 ## - PHYSICAL DESCRIPTION
Extent 0 pages
Holdings
Withdrawn status Lost status Source of classification or shelving scheme Damaged status Not for loan Collection code Permanent Location Current Location Date acquired Total Checkouts Full call number Barcode Date last seen Copy number Price effective from Koha item type
          Richard Drews Northern Philatelic Library Northern Philatelic Library 04/18/2015   G3921 .P855 C9537 1001506 06/28/2015 1 06/28/2015 Books

Powered by Koha